Kilka uwag o życiu i twórczości Karoliny Proniewskiej [1828-1859]

Titel: Kilka uwag o życiu i twórczości Karoliny Proniewskiej [1828-1859]
Verfasser:
In: Litteraria, Band 35 (2006), Seite 95-112
alle Artikel anzeigen
Veröffentlicht: 2006
Format: Aufsatz
Sprache: Polnisch
Kein Bild verfügbar
X
alg: 39417094
001A    $01999:12-11-16 
001B    $01999:12-07-19 $t16:37:07.000 
001C    $06050:19-11-16 $t08:56:44.000 
001D    $01999:12-11-16 
001U    $0utf8 
001X    $00 
002@    $0Aox 
003@    $0394170946 
007A    $0394170946 $aHEB 
007T    $0Herdkk00003817 
010@    $apol 
011@    $a2006 
021A    $aKilka uwag o życiu i twórczości Karoliny Proniewskiej [1828-1859] 
028A    $aSyrnicka $dKrystyna 
031A    $d35 $h95-112 $j2006 
039B    $aIn $8--Abvc--. Litteraria. - Wrocław : Wydawn. WTN, 1969-. - ISSN 0084-3008 $x200600000350000905 $9047344253 
045T    $aAVL $qDE-30 $2FID 
045T    $a7,39 $a7,12 

lok: 39417094 78

exp: 39417094 78 1 #EPN
201B/01 $018-11-16 $t10:49:23.000 
201U/01 $0utf8 
203@/01 $0790281457 
208@/01 $a12-11-16 $be 
209A/01 $a/ $f000 $x00 
220C/01 $aTitelaufnehmer: pbb 
220C/01 $aHerkunft: PBB/IH PAN 
220C/01 $aAnmerkung: *uA 
244Z/01 $2Trx $#Baltijos šalys $#kraje bałtyckie $#Baltikum $8--Trx--Baltische Länder $x01 $9391352903 
244Z/01 $2Trx $#Litauen $#Lithuania $#Litwa $#Litva $#Litva $8--Trx--Lietuva $x02 $9391193457 
244Z/01 $2Trx $#Poola $#Lenkija $#Polija $#Polen Land $#Poland $#Lengyelország $#Poľsko $#Polsko $8--Trx--Polska$gkraj $x03 $9391345966 
244Z/01 $aGeschichte 1828-1859 $x04 
244Z/01 $2Trx $#Proniewska, Karolina Anna $8--Trx--Praniauskaitė, Karolina$Z1828-1859 $x05 $9390877638 
244Z/01 $2Trx $#kirjanikud $#rašytojai $#writers $#írók $#pisarze $#spisovatelia $#spisovatelé $8--Trx--Schriftsteller $x06 $9391382659 
244Z/01 $2Trx $8--Trx--Zeitschriftenaufsatz $x07 $9391384341 
245Z/01 $a11.08;12.03 $x01 
247C/01 $82080>Marburg/Lahn, Herder-Institut, Forschungsbibliothek, Bibliographieportal $9336309341
LEADER 00000caa a22000002c 4500
001 394170946
003 DE-603
005 20190712163707.0
007 tu
008 161112s2006 xx |||| | u00||u|pol c
035 |a (DE-599)HEB394170946 
040 |a DE-603  |b ger  |c DE-603  |d DE-603 
041 |a pol 
084 |a AVL  |q DE-30  |2 fid 
084 |a 7,39  |a 7,12  |2 ssgn 
100 1 |a Syrnicka, Krystyna 
245 0 0 |a Kilka uwag o życiu i twórczości Karoliny Proniewskiej [1828-1859] 
264 0 |c 2006 
773 0 8 |i In  |t Litteraria  |d Wrocław : Wydawn. WTN, 1969-  |x 0084-3008  |g Band 35 (2006), Seite 95-112  |w (DE-603)047344253  |w (DE-600)216021-3 
924 0 |9 2080  |a (DE-603)790281457  |b DE-2080  |c HES  |d d  |g /